00828 2200301 4500001002100000005001500021007000300036008004100039020002100080035002000101040001700121041000800138082001200146084001800158090002300176100004500199245003300244250001200277264003900289300003300328336002100361337003000382338002300412650001300435700004600448850001000494990002200504INLIS00000000000551920260508011540ta260508 0  a978-979-266-75-2 a0010-0222000609 aSBPUPADbInd1 aInd a297.557 a297.557 ZUA j a297.557 ZUA j 2 180 aMuhammad Bin Sa'ad Alu Zu'airePengarang1 aJadilah Suami Istri Romantis a.-Cet 1 a.--Surabaya :bPustaka eLBA,c2016 a324 hal. :bIlus ;c16x24 cm 2rdacontentateks 2rdamediaatanpa perantara 2rdacarrieravolume 4aKeluarga0 aPenerjemah, Wafi Marzuqi AmmarePengarang aPUPAD a24.463/H/DPK/2017